English unlimited B1 : Pre-intermadiate self-study pack

保存先:
書誌詳細
第一著者: Baigent, Maggie
フォーマット: 図書
言語:Undetermined
出版事項: Cambridge Cambridge University Press 2011
主題:
タグ: タグ追加
タグなし, このレコードへの初めてのタグを付けませんか!
Thư viện lưu trữ: Trung tâm Học liệu Trường Đại học Cần Thơ
LEADER 00577nam a2200193Ia 4500
001 CTU_199445
008 210402s9999 xx 000 0 und d
082 |a 428.0076 
082 |b B152/DVD 
100 |a Baigent, Maggie 
245 0 |a English unlimited B1 : 
245 0 |b Pre-intermadiate self-study pack 
245 0 |c Maggie Baigent, Chris Cavey, Nick Robinson 
260 |a Cambridge 
260 |b Cambridge University Press 
260 |c 2011 
650 |a English languages,Tiếng Anh 
904 |i Nguyên 
980 |a Trung tâm Học liệu Trường Đại học Cần Thơ